Izbrannyje sočinenija dlja fortepiano. Vyp. 6

Hlavní autor: Čajkovskij, Petr Il‘jič, 1840-1893
Další autoři: Mil‘štejn, Jakov Isaakovič, 1911-1981, Sorokin, Konstantin Stepanovič, 1909-1998
Jazyk: Nelze použít, není lingvistický obsah
Vydáno: Moskva : Gosudarstvennoje muzykal'noje izdatel'stvo, 1951
Fyzický popis: 101 s.
Hudebniny Hudebniny
Uloženo v:
LEADER 00928ncm a22002292a 4500
001 001179602
003 CZ BrMZK
005 20111109125155.0
007 qu
008 111109s1951 ru |||||||||||||||||zxx d
040 |a BOA001  |b cze 
072 7 |a 786  |x Hudba pro klávesové nástroje  |2 Konspekt  |9 9 
100 1 |a Čajkovskij, Petr Il‘jič,  |d 1840-1893  |7 jn19981002507  |4 cmp 
245 1 0 |a Izbrannyje sočinenija dlja fortepiano.  |n Vyp. 6  |h [hudebnina] /  |c Petr Il'jič Čajkovskij ; red. Ja. Milštejna i K. Sorokina 
260 |a Moskva :  |b Gosudarstvennoje muzykal'noje izdatel'stvo,  |c 1951 
300 |a 101 s. 
700 1 |a Mil‘štejn, Jakov Isaakovič,  |d 1911-1981  |7 skuk0004134  |4 edt 
700 1 |a Sorokin, Konstantin Stepanovič,  |d 1909-1998  |7 mzk2010607454  |4 edt 
910 |a BOA001  |b Mus4-0287.903,6 
990 |a MU 
991 |b 201111 
996 6 |b 2619560742  |c Mus4-0287.903,6  |l MZK  |r Sklad / do 1 hodiny  |n 0  |w 001213118  |u 000010  |a 1  |e BOA001  |j MZK50  |s P